Datum a čas kvízu
39.5
Celkem bodů
Celkový počet nahraných bodů na tomto kvízu bez doplňovacích otázek.
2.
Pořadí na kvízu
Konečné umístění týmu na tomto kvízu.
Zaznamenané odpovědi
| # | Otázka | Odpověď | Body | Výsledky |
|---|---|---|---|---|
| 1. | Čekalo se 120 nablýskaných kam... | ve Zlíně | 1 | |
| 2. | Na sociálních sítích lidé minu... | Majitel veřejně podpořil očkování proti covidu. | 0 | |
| 3. | Jak se jmenuje slavný britský... | Michael Caine | 0 | |
| 4. | Jak se nazývá nová kryptoměna,... | Gypsycoin | 1 | |
| 5. | Jedna česká snowboardistka se... | Šárka Pančochová | 1 | |
| 6. | Pojďme se nyní zlehka dotknout... | Leoš Janáček | 1 | |
| 7. | Z karcinomu děložního čípku He... | Dětská obrna (také dětská přenosná obrna) | 1 | |
| 8. | Jako „nesmrtelné zvíře“ můžeme... | rypoš (lysý) | 0 | |
| 9. | „Nesmrtelní“ byli elitní jedno... | Achaimenovci | 1 | |
| 10. | Autorem románu Nesmrtelnost je... | Milan Kundera | 1 |